| 000 | 02194cam a22004814a 4500 | ||
|---|---|---|---|
| 999 |
_c50588 _d50588 |
||
| 001 | 14654032 | ||
| 005 | 20200227172401.0 | ||
| 008 | 061201s2006 bccab b 001 0 eng c | ||
| 010 | _a 2007390031 | ||
| 016 | _a20069005702 | ||
| 020 | _a1554200237 | ||
| 020 | _a9781554200238 | ||
| 035 | _a(OCoLC)ocm64503259 | ||
| 040 |
_aNLC _beng _cNLC _dBAKER _dVP@ _dYDXCP _dTXA _dWAU _dBTCTA _dDLC |
||
| 041 | _aeng | ||
| 042 | _apcc | ||
| 043 | _an-cn-bc | ||
| 050 | 0 | 0 |
_aE78.B9 _bW54 2006 |
| 055 | 3 |
_aE78 B9 _bW54 2006 |
|
| 080 | _a639.6 W-69 | ||
| 100 | 1 |
_aWilliams, Judith, _d1940- _97599 |
|
| 245 | 1 | 0 |
_aClam gardens : _baboriginal mariculture on Canada's west coast / _cJudith Williams. |
| 246 | 3 | 0 | _aAboriginal mariculture on Canada's west coast |
| 264 |
_aVancouver ; _bNew Star Books, _cc2006. |
||
| 300 |
_a127 p. : _bill., maps ; _c25 cm. |
||
| 440 | 0 |
_aTransmontanus ; _v15 _97600 |
|
| 504 | _aIncludes bibliographical references and index. | ||
| 650 | 0 |
_aIndians of North America _xFishing _zBritish Columbia _zBroughton Archipelago. _97601 |
|
| 650 | 0 |
_aIndians of North America _xFishing _zBritish Columbia _zQuadra Island. _97602 |
|
| 650 | 0 |
_aIndians of North America _xFishing _zBritish Columbia _zCortes Island. _97603 |
|
| 650 | 0 |
_aIndians of North America _xFishing _zBritish Columbia _zDesolation Sound Region. _97604 |
|
| 650 | 0 |
_aClam culture _zBritish Columbia _zBroughton Archipelago _xHistory. _97605 |
|
| 650 | 0 |
_aClam culture _zBritish Columbia _zQuadra Island _xHistory. _97606 |
|
| 650 | 0 |
_aClam culture _zBritish Columbia _zCortes Island _xHistory. _97607 |
|
| 650 | 0 |
_aClam culture _zBritish Columbia _zDesolation Sound Region _xHistory. _97608 |
|
| 653 | _aაბორიგენული მებაღეობა კანადის დასავლეთ სანაპიროზე | ||
| 653 | _aსოფლის მეურნეობა | ||
| 856 | 4 | 1 |
_3Table of contents _uhttp://www.loc.gov/catdir/toc/fy0803/2007390031.html |
| 906 |
_a7 _bcbc _cpccadap _d3 _encip _f20 _gy-gencatlg |
||
| 942 |
_2udc _cBK |
||
| 955 |
_ajx85 2008-02-14 z-processor _ijx85 2008-02-15 |
||
| 955 |
_anb12 2007-03-02 ON ORDER; nb28 2007-05-14 Copy 1 to ASCD _ajb00 2007-05-16 |
||